000 00858caa a22002417a 4500
999 _c410807
_d410807
001 123644
003 UA-OsUOA
005 20200117135206.0
007 ta
008 20170629b un ||||| |||| 00| 0 ukr d
040 _aUA-OsUOA
_bukr
_cUA-OsUOA
_dUA-OsUOA
041 _aukr
080 _a908
090 _a908
_bШ83
100 _aШпізель Р.
245 _aНеопубліковані листи академіка Т. Г. Яновського в Острог (1860–1928)
_cР. Шпізель
300 _aС. 256–257
650 7 _a908 Краєзнавство
_2UDC
773 0 _0321332
_9340998
_dОстрог Острозька академія 1999
_o87606
_tНаукові записки
_w(UA-OsUOA) 34905
_z966-7631-00-1
942 _cBKA
_2udc
955 _a1